<?xml version="1.0" encoding="UTF-8"?>
<collection xmlns="http://www.loc.gov/MARC21/slim">
 <record>
  <leader>     na                 </leader>
  <controlfield tag="001">INLIS000000000000566</controlfield>
  <controlfield tag="005">20250702111424</controlfield>
  <datafield tag="035" ind1=" " ind2=" ">
   <subfield code="a">0010-0725000002</subfield>
  </datafield>
  <controlfield tag="007">ta</controlfield>
  <controlfield tag="008">250702                c          0 ind  </controlfield>
  <datafield tag="082" ind1=" " ind2=" ">
   <subfield code="a">155.258</subfield>
  </datafield>
  <datafield tag="084" ind1=" " ind2=" ">
   <subfield code="a">155.258 ABU k</subfield>
  </datafield>
  <datafield tag="100" ind1="0" ind2=" ">
   <subfield code="a">Abu jangki Dausat</subfield>
  </datafield>
  <datafield tag="245" ind1="1" ind2=" ">
   <subfield code="a">KumPulan Cerpen Motivasi Penggugah jiwa jiwa yang mati /</subfield>
   <subfield code="c">Abu jangki Dausat</subfield>
  </datafield>
  <datafield tag="250" ind1=" " ind2=" ">
   <subfield code="a">cet.1</subfield>
  </datafield>
  <datafield tag="260" ind1=" " ind2=" ">
   <subfield code="a">kediri :</subfield>
   <subfield code="b">Pustaka 'azm,</subfield>
   <subfield code="c">2015</subfield>
  </datafield>
  <datafield tag="300" ind1=" " ind2=" ">
   <subfield code="a">vii,136 :</subfield>
   <subfield code="b">ils ;</subfield>
   <subfield code="c">10cmx15,5cm</subfield>
  </datafield>
  <datafield tag="990" ind1=" " ind2=" ">
   <subfield code="a">1603/MP.H/2025</subfield>
  </datafield>
 </record>
</collection>
